LEADER 01197nam 2200361 450 001 9910704334003321 005 20130205151140.0 035 $a(CKB)5470000002440347 035 $a(OCoLC)826792238 035 $a(EXLCZ)995470000002440347 100 $a20130205d2012 ua 0 101 0 $aeng 135 $aurmn||||||||| 181 $2rdacontent 182 $2rdamedia 183 $2rdacarrier 200 10$a2020 census $einitial research milestones generally met but plans needed to mitigate highest risks : report to congressional requesters 210 1$a[Washington, D.C.] :$cUnited States Government Accountability Office,$d2012. 215 $a1 online resource (ii, 34 pages) $ccolor illustrations 300 $aTitle from title screen (viewed Feb. 4, 2013). 300 $a"November 2012." 300 $a"GAO-13-53." 320 $aIncludes bibliographical references. 517 $a2020 census 606 $aGovernment publicity$zUnited States 607 $aUnited States$xCensus, 2020$xPlanning 615 0$aGovernment publicity 801 0$bGPO 801 1$bGPO 906 $aBOOK 912 $a9910704334003321 996 $a2020 census$93442354 997 $aUNINA LEADER 01145nam0 22002771i 450 001 UON00417248 005 20231205104806.237 100 $a20130131d1971 |0itac50 ba 101 $aita 102 $aIT 105 $a|||| 1|||| 200 1 $aDella perfetta poesia italiana$fLodovico Antonio Muratori$ga cura di Ada Ruschioni 210 $aMilano$cMarzorati$d1971-1972 215 $a2 v. 960 p.$d22 cm 410 1$1001UON00305547$12001 $aScrittori italiani. Sezione Letteraria$1210 $aMilano$cMarzorati 606 $aPOESIA ITALIANA$3UONC043842$2FI 620 $aIT$dMilano$3UONL000005 676 $a851.09$cPoesia italiana. Storia, descrizione, studi critici$v21 700 1$aMURATORI$bLodovico Antonio$3UONV135939$0152475 712 $aMarzorati$3UONV257066$4650 801 $aIT$bSOL$c20240220$gRICA 899 $aSIBA - SISTEMA BIBLIOTECARIO DI ATENEO$2UONSI 912 $aUON00417248 950 $aSIBA - SISTEMA BIBLIOTECARIO DI ATENEO$dSI ITA II 0918 $eSI IT 657 5 0918 $sBuono 996 $aDella perfetta poesia italiana$9151196 997 $aUNIOR